OPAC Home

සතුට බෙදන පොලියානා (Record no. 40730)

MARC details
000 -LEADER
fixed length control field 00590nam a2200193Ia 4500
008 - FIXED-LENGTH DATA ELEMENTS--GENERAL INFORMATION
fixed length control field 120905t2003 xxu||||| |||| 00| 0 sin d
041 ## - LANGUAGE CODE
Language code of text/sound track or separate title Sinhala; Sinhalese
080 ## - UNIVERSAL DECIMAL CLASSIFICATION NUMBER
Universal Decimal Classification number 8-31 (eng)
Item number POR
942 ## - ADDED ENTRY ELEMENTS (KOHA)
Koha item type Books
003 - CONTROL NUMBER IDENTIFIER
control field LK-CoDNM
040 ## - CATALOGING SOURCE
Original cataloging agency LK-CoDNM
Modifying agency LK-CoDNM
Description conventions LK-CoDNM
100 ## - MAIN ENTRY--PERSONAL NAME
Personal name Porter,Eleanor.H
700 ## - ADDED ENTRY--PERSONAL NAME
Personal name Amarasingha,Kathyana
Relator term translater
245 ## - TITLE STATEMENT
Title සතුට බෙදන පොලියානා
246 ## - VARYING FORM OF TITLE
Title proper/short title Sathuta Bedana Poliyana
260 ## - PUBLICATION, DISTRIBUTION, ETC. (IMPRINT)
Place of publication, distribution, etc. Baby Bee Publishers
-- Sri lanka
Date of publication, distribution, etc. 2003
300 ## - PHYSICAL DESCRIPTION
Other physical details 218p, 18 cm
500 ## - GENERAL NOTE
General note Sinhalese Translation Of Eleanor H.Porter's of Pollyanna Grows Up
Holdings
Withdrawn status Lost status Damaged status Not for loan Collection code Permanent Location Current Location Date acquired Full call number Barcode Koha item type
        Translation Library National Museum Colombo - Sri Lanka Library National Museum Colombo - Sri Lanka 2012-09-05 8-31 (eng) POR 143161 Books
Copyright © 2023 Department of National Museum, Colombo 07, Sri Lanka Funded by UNESCO IFAP UNESCO